<?xml version="1.0" encoding="UTF-8"?>
<record
    xmlns:xsi="http://www.w3.org/2001/XMLSchema-instance"
    xsi:schemaLocation="http://www.loc.gov/MARC21/slim http://www.loc.gov/standards/marcxml/schema/MARC21slim.xsd"
    xmlns="http://www.loc.gov/MARC21/slim">

  <leader>01171nam a22002895a 4500</leader>
  <controlfield tag="003">OSt</controlfield>
  <controlfield tag="005">20170821154623.0</controlfield>
  <controlfield tag="008">170726s2016    xx a   grb    000 0 ara d</controlfield>
  <datafield tag="040" ind1=" " ind2=" ">
    <subfield code="a">EG-ScBUE</subfield>
    <subfield code="b">ara</subfield>
    <subfield code="c">EG-ScBUE</subfield>
  </datafield>
  <datafield tag="041" ind1="1" ind2=" ">
    <subfield code="a">ara</subfield>
    <subfield code="b">eng</subfield>
  </datafield>
  <datafield tag="043" ind1=" " ind2=" ">
    <subfield code="a">f-ua---</subfield>
  </datafield>
  <datafield tag="082" ind1="0" ind2="4">
    <subfield code="2">22</subfield>
    <subfield code="a">363.50962</subfield>
    <subfield code="b">&#x62C; &#x628; &#x644;</subfield>
  </datafield>
  <datafield tag="100" ind1="1" ind2=" ">
    <subfield code="a">&#x62C;&#x628;&#x644;&#x627;&#x648;&#x64A;&#x60C; &#x643;&#x645;&#x627;&#x644; &#x645;&#x62D;&#x645;&#x648;&#x62F; &#x643;&#x645;&#x627;&#x644;.</subfield>
  </datafield>
  <datafield tag="245" ind1="1" ind2="0">
    <subfield code="a">&#x62D;&#x644;&#x648;&#x644; &#x646;&#x627;&#x628;&#x639;&#x629; &#x645;&#x646; &#x627;&#x644;&#x633;&#x643;&#x627;&#x646; &#x644;&#x62D;&#x644; &#x645;&#x634;&#x643;&#x644;&#x629; &#x627;&#x644;&#x625;&#x633;&#x643;&#x627;&#x646; &#x645;&#x646; &#x62E;&#x644;&#x627;&#x644; &#x627;&#x644;&#x625;&#x645;&#x62A;&#x62F;&#x627;&#x62F;&#x627;&#x62A; /</subfield>
    <subfield code="c">&#x625;&#x639;&#x62F;&#x627;&#x62F; &#x643;&#x645;&#x627;&#x644; &#x645;&#x62D;&#x645;&#x648;&#x62F; &#x643;&#x645;&#x627;&#x644; &#x627;&#x644;&#x62C;&#x628;&#x644;&#x627;&#x648;&#x64A;.</subfield>
  </datafield>
  <datafield tag="246" ind1="3" ind2="1">
    <subfield code="a">Solutions stemming from the population to solve the housing problem through extensions.</subfield>
  </datafield>
  <datafield tag="250" ind1=" " ind2=" ">
    <subfield code="a">&#x637;. 1.</subfield>
  </datafield>
  <datafield tag="260" ind1=" " ind2=" ">
    <subfield code="a">[&#x62F;. &#x645;. :</subfield>
    <subfield code="b">&#x62F;. &#x646;.]&#x60C;</subfield>
    <subfield code="c">2016</subfield>
  </datafield>
  <datafield tag="300" ind1=" " ind2=" ">
    <subfield code="a">410 &#x635;. :</subfield>
    <subfield code="b">&#x625;&#x64A;&#x636;. &#x61B;</subfield>
    <subfield code="c">30 &#x633;&#x645;.</subfield>
  </datafield>
  <datafield tag="504" ind1=" " ind2=" ">
    <subfield code="a">&#x64A;&#x634;&#x62A;&#x645;&#x644; &#x639;&#x644;&#x649; &#x625;&#x631;&#x62C;&#x627;&#x639;&#x627;&#x62A; &#x628;&#x628;&#x644;&#x64A;&#x648;&#x62C;&#x631;&#x627;&#x641;&#x64A;&#x629;.</subfield>
  </datafield>
  <datafield tag="541" ind1=" " ind2=" ">
    <subfield code="a">&#x625;&#x647;&#x62F;&#x627;&#x621; &#x645;&#x646; &#x628;&#x643;&#x627;.</subfield>
  </datafield>
  <datafield tag="546" ind1=" " ind2=" ">
    <subfield code="a">&#x627;&#x644;&#x646;&#x635; &#x628;&#x627;&#x644;&#x644;&#x63A;&#x629; &#x627;&#x644;&#x639;&#x631;&#x628;&#x64A;&#x629; &#x648;&#x64A;&#x634;&#x62A;&#x645;&#x644; &#x639;&#x644;&#x649; &#x645;&#x644;&#x62E;&#x635; &#x628;&#x627;&#x644;&#x644;&#x63A;&#x629; &#x627;&#x644;&#x625;&#x646;&#x62C;&#x644;&#x64A;&#x632;&#x64A;&#x629;.</subfield>
  </datafield>
  <datafield tag="590" ind1=" " ind2=" ">
    <subfield code="a">&#x62F;&#x639;&#x627;&#x621;</subfield>
  </datafield>
  <datafield tag="650" ind1=" " ind2="7">
    <subfield code="2">BUEsh</subfield>
    <subfield code="a">&#x627;&#x644;&#x625;&#x633;&#x643;&#x627;&#x646;</subfield>
    <subfield code="z">&#x645;&#x635;&#x631;.</subfield>
  </datafield>
  <datafield tag="651" ind1=" " ind2=" ">
    <subfield code="2">BUEsh</subfield>
    <subfield code="a">&#x645;&#x635;&#x631;</subfield>
    <subfield code="x">&#x623;&#x62D;&#x648;&#x627;&#x644; &#x627;&#x62C;&#x62A;&#x645;&#x627;&#x639;&#x64A;&#x629;.</subfield>
  </datafield>
  <datafield tag="653" ind1=" " ind2=" ">
    <subfield code="b">GGEN</subfield>
    <subfield code="c">July2017</subfield>
    <subfield code="c">August2017</subfield>
  </datafield>
  <datafield tag="942" ind1=" " ind2=" ">
    <subfield code="2">ddc</subfield>
  </datafield>
  <datafield tag="999" ind1=" " ind2=" ">
    <subfield code="c">25076</subfield>
    <subfield code="d">25048</subfield>
  </datafield>
  <datafield tag="952" ind1=" " ind2=" ">
    <subfield code="0">0</subfield>
    <subfield code="1">0</subfield>
    <subfield code="2">ddc</subfield>
    <subfield code="4">0</subfield>
    <subfield code="7">0</subfield>
    <subfield code="a">MAIN</subfield>
    <subfield code="b">MAIN</subfield>
    <subfield code="c">1ST</subfield>
    <subfield code="d">2017-07-26</subfield>
    <subfield code="e">Donation</subfield>
    <subfield code="o">363.50962 &#x62C; &#x628; &#x644;</subfield>
    <subfield code="p">000046215</subfield>
    <subfield code="r">2025-07-15 00:00:00</subfield>
    <subfield code="x">&#x625;&#x647;&#x62F;&#x627;&#x621; &#x645;&#x646; &#x628;&#x627;&#x643;&#x627;</subfield>
    <subfield code="y">BB</subfield>
  </datafield>
</record>
